header

Public sentiments (Record no. 23079)

MARC details
000 -LEADER
fixed length control field 01501nam a2200361 a 4500
082 04 - DEWEY DECIMAL CLASSIFICATION NUMBER
Classification number 813/.309353
100 1# - MAIN ENTRY--AUTHOR NAME
Personal name Hendler, Glenn,
245 10 - TITLE STATEMENT
Title Public sentiments
260 ## - PUBLICATION, DISTRIBUTION, ETC. (IMPRINT)
Place of publication Chapel Hill :
Name of publisher University of North Carolina Press,
Year of publication c2001.
300 ## - PHYSICAL DESCRIPTION
Number of Pages x, 275 p.
650 #0 - SUBJECT ADDED ENTRY--TOPICAL TERM
Topical Term American literature
Topical Term Emotions in literature.
Topical Term Didactic fiction, American
Topical Term Sentimentalism in literature.
Topical Term Sympathy in literature.
Topical Term Sex role in literature.
856 40 - ELECTRONIC LOCATION AND ACCESS
Uniform Resource Identifier http://site.ebrary.com/lib/rucke/Doc?id=10026317

No items available.

© 2026 Rongo University
Contact us: librarian | system librarian | Rongo university